Trash tv shows Quiz Stats

 Plays Quiz not verified by Sporcle

Support Sporcle.
Go Orange.
Score 0/7 Timer 02:00
0 Plays Today
Description Show % Correct
Peter,Lois,Meg,Chris, Stewie and BrianFamily Guy
80.3%
Kenny is deadsouth park
77.6%
gym, tan, laundryjersey shore
75%
you are not the fathermaury
73.7%
three sisters with no talentskeeping up with the kardashians
73.7%
married women from Georgiareal housewives of atlanta
65.8%
i was born a manjerry springer
63.2%

You're not logged in!

Compare scores with friends on all Sporcle quizzes.
OR
Log In

From the Vault

Remove Ads.
Support Sporcle.
Get the best of Sporcle when you Go Orange. This ad-free experience offers more features, more stats, and more fun while also helping to support Sporcle. Thank you for becoming a member.

Show Comments

Extras

Created Jul 1, 2012ReportNominate
Tags:Clickable Quiz, Show Quiz

Top Quizzes Today


Score Distribution

Your Account Isn't Verified!

In order to create a playlist on Sporcle, you need to verify the email address you used during registration. Go to your Sporcle Settings to finish the process.

Report this User

Report this user for behavior that violates our Community Guidelines.

Details: